Estado, salud y desocupación. De la vulnerabilidad a la exclusión

Salvato in:
Dettagli Bibliografici
Autori principali: Cortazzo, Inés (Autore), Moise, Cecilia (Autore)
Natura: Libro
Lingua:spagnolo
Pubblicazione: Buenos Aires Paidós 2000
Edizione:1a. ed
Serie:Tramas Sociales, 10
Soggetti:
Tags: Aggiungi Tag
Nessun Tag, puoi essere il primo ad aggiungerne!!

MARC

LEADER 00000nam a2200000 a 4500
001 UCI2193
003 CL-VaPUC
008 070810e20000000AG |||||||||||||||||spa|d
020 |a 9501245101 
082 0 4 |a 331.012  |b COR  |2 21 
100 0 |a Cortazzo, Inés  |e author  |9 523116 
700 0 |a Moise, Cecilia  |e author  |9 523117 
245 1 0 |a Estado, salud y desocupación. De la vulnerabilidad a la exclusión 
250 |a 1a. ed 
300 |a 184 p 
942 |c BK 
945 |d 20070810 00:00:00  |a rbrito 
260 |a Buenos Aires  |b Paidós  |c 2000 
650 7 |a DERECHO LABORAL  |2 CL-VaPUC  |9 15 
650 0 |a Derecho de salud  |9 256907 
650 0 |a Trabajadores  |9 260887 
650 0 |a Seguridad social  |9 255322 
650 0 |a Desigualdad social  |9 349409 
650 0 |a Protección social  |9 256186 
650 0 |a Pobreza  |9 258652 
583 |a last modification  |c 20170801 04:24:49  |k Rodrigo Vera 
490 0 |a Tramas Sociales, 10 
999 |c 326831  |d 326829 
952 |0 0  |1 0  |4 0  |6 331_012000000000000_COR_2000  |7 0  |8 A  |9 408981  |a BIBGIM  |b BIBGIM  |d 2019-11-22  |i 4362802  |o 331.012 COR 2000  |p 4362802  |r 2025-01-15  |w 2019-11-22  |y BK  |k SSL 
952 |0 0  |1 0  |4 0  |6 331_012000000000000_COR_2000  |7 0  |8 A  |9 408982  |a BIBEDU  |b BIBEDU  |d 2019-11-22  |i 4364805  |o 331.012 COR 2000  |p 4364805  |r 2019-11-22  |w 2019-11-22  |y BK  |k PSI